000 00477ntaaa2200181 4500
003 01
005 20251027201838.0
008 0714s1973 ag 01
040 _aAR-BaBN
_bspa
_cAR-BaBN
_eaacr
_dRIC
082 _a244.1000 F36
100 _aFenner, Mabel B.
_916952
245 _aHistorias acerca de Jesús
250 _a1 ed.
260 _aRío Piedras, Puerto Rico :
_bEditorial y Librería La Reforma,
_cc1958
300 _as.p.
700 _aColeman,
_916953
942 _cBK
999 _c13154
_d13154